La exposición del patrimonio neto en el balance de transición a NIIF (Registro nro. 27462)

Detalles MARC
000 -LEADER
fixed length control field 00454 a2200121 4500
001 - CONTROL NUMBER
control field ART_23458
005 - DATE AND TIME OF LATEST TRANSACTION
control field 20260410161918.0
008 - FIXED-LENGTH DATA ELEMENTS--GENERAL INFORMATION
fixed length control field 260409a
100 1# - MAIN ENTRY--PERSONAL NAME
Personal name Marcolini, Silvana Beatríz
245 10 - TITLE STATEMENT
Title La exposición del patrimonio neto en el balance de transición a NIIF
700 1# - ADDED ENTRY--PERSONAL NAME
Personal name Verón, Carmen S.
773 0# - HOST ITEM ENTRY
Title Documentos de trabajo de contabilidad, auditoría y responsabilidad social
Related parts - Año 3, Nº 6 (dic. 2013)
Record control number REV14385

No hay ítems disponibles.